De Suresnes a la Moncloa / (Registro nro. 43448)
[ vista simple ]
| 000 -CABECERA | |
|---|---|
| campo de control de longitud fija | 00557nam a2200157 a 4500 |
| 001 - NÚMERO DE CONTROL | |
| campo de control | 000043959 |
| 005 - FECHA Y HORA DE LA ÚLTIMA TRANSACCIÓN | |
| campo de control | 20201002045051.0 |
| 008 - DATOS DE LONGITUD FIJA--INFORMACIÓN GENERAL | |
| campo de control de longitud fija | 140512s1984 sp c 000 0 spa d |
| 020 ## - NÚMERO INTERNACIONAL ESTÁNDAR DEL LIBRO | |
| Número Internacional Estándar del Libro | 8486269016 |
| 040 ## - FUENTE DE LA CATALOGACIÓN | |
| Centro catalogador/agencia de origen | DO-SdBNP |
| Lengua de catalogación | spa |
| Centro/agencia transcriptor | BNPHU |
| 100 1# - ENTRADA PRINCIPAL--NOMBRE DE PERSONA | |
| Nombre de persona | Gonzalez, Felipe |
| 9 (RLIN) | 67033 |
| 245 10 - MENCIÓN DE TÍTULO | |
| Título | De Suresnes a la Moncloa / |
| Mención de responsabilidad, etc. | Felipe Gonzalez; recuerdos e impresiones de Alfonso Guerra; con testimonios complementarios de: Willy Brandt [et.al.]. |
| 260 ## - PUBLICACIÓN, DISTRIBUCIÓN, ETC. | |
| Lugar de publicación, distribución, etc. | Madrid, : |
| Nombre del editor, distribuidor, etc. | Novatex, |
| Fecha de publicación, distribución, etc. | 1984. |
| 300 ## - DESCRIPCIÓN FÍSICA | |
| Extensión | 173 p. : |
| Otras características físicas | retrs. ; |
| Dimensiones | 27 cm. |
| 700 12 - PUNTO DE ACCESO ADICIONAL--NOMBRE DE PERSONA | |
| Nombre de persona | Guerra, Alfonso |
| Término indicativo de función/relación | rec. |
| 9 (RLIN) | 71902 |
| Estado de retiro | Estado de pérdida | Restricciones de uso | No para préstamo | Código de colección | Localización permanente | Ubicación/localización actual | Ubicación en estantería | Fecha de adquisición | Número de inventario | Total de préstamos | Signatura topográfica completa | Código de barras | Fecha visto por última vez | Precio válido a partir de | Tipo de ítem Koha |
|---|---|---|---|---|---|---|---|---|---|---|---|---|---|---|---|
| Excluido de préstamo | Monografías: Libros y Folletos | General | General | En catalogación | 12.05.2014 | LF1 | 43959-10 | 25.06.2020 | 25.06.2020 | No se presta |
